Statistieken voor Europese landen in willekeurige volgorde op een kaart

Klik hier om de quiz te nemen!

Algemene statistieken

  • Deze quiz is 4.271 keer genomen
    (3.085 sinds de laatste reset)
  • De gemiddelde score is 38 van 45

Antwoorden op de kaart

Antwoorden kleurgecodeerd door een groen-rode schaal op de quizkaart volgens % correct hieronder.
 

Antwoordstatistieken

Land% Correct
Nederland
86%
Denemarken
85%
Duitsland
85%
Estland
85%
Finland
85%
Griekenland
85%
Ierland
85%
Italië
85%
Malta
85%
Noorwegen
85%
Oekraïne
85%
Portugal
85%
Rusland
85%
Spanje
85%
Zweden
85%
Belarus
84%
België
84%
Frankrijk
84%
IJsland
84%
Kroatië
84%
Letland
84%
Liechtenstein
84%
Luxemburg
84%
Monaco
84%
Oostenrijk
84%
Polen
84%
Roemenië
84%
Verenigd Koninkrijk
84%
Zwitserland
84%
Andorra
83%
Bosnië en Herzegovina
83%
Kosovo
83%
Litouwen
83%
San Marino
83%
Slowakije
83%
Tsjechië
83%
Vaticaanstad
83%
Albanië
82%
Bulgarije
82%
Hongarije
82%
Moldavië
82%
Montenegro
82%
Noord-Macedonië
82%
Servië
82%
Slovenië
82%

Scoreverdeling

Percentiel versus Aantal Correcte Antwoorden

Procent van Mensen met Elke Score

Uw Scoregeschiedenis

U heeft deze quiz nog niet genomen sinds de laatste reset